| 000 | 00432 a2200133 4500 | ||
|---|---|---|---|
| 001 | ART_17719 | ||
| 005 | 20260410161924.0 | ||
| 008 | 260409a | ||
| 245 | 1 | 0 | _aPublic employee market power and the level of government spending |
| 100 | 1 | _aCourant, Paul N. | |
| 700 | 1 | _aGramlich, Edward M. | |
| 700 | 1 | _aRubinfeld, Daniel L. | |
| 773 | 0 |
_tThe American Economic Review _g- Vol. 69, NÂș 5 (dic. 1979) _wREV16190 |
|
| 999 |
_c27963 _d27963 |
||